00810 2200301 4500001002100000005001500021035002500036007000300061008004100064020002200105040001200127041000800139082001700147084001700164090002200181090002200203100002600225245005200251250001100303260003000314300003200344504003000376650003600406700001000442850001200452999002200464990002200486INLIS00000000003438820191114031359 a0010-031800000000331ta180306s2017 yoi g ind d a978-979-29-6317-5 aYOPDYOG0 aind042[23]a297.14 a297.14 SUR h aDEP 297.14 SUR h aCB-D.11 2017-19890 aSuryati,cHj.,d1960-1 aHukum waris Islam /cHj. Suryati; editor, Erang aCet. 1 aYogyakarta :bAndi,c2017 aviii, 162 halaman ;c23 cm. aBibliografi: hlm. 159-160 4aWaris dan pewaris (Hukum Islam)0 aErang aYOPDYOG aCB-D.11/2017-1989 aCB-D.11/2017-1989